000 00676nam a22001817a 4500
999 _c190434
_d190434
005 20220726112325.0
010 _aENG-133908
020 _c275.00
_a978-93-81391-03-7
035 _aEN-117440
037 _bDBAD/PUB
082 _a520.954
245 _aHistoricity of Vedic and Ramayan Eras:
_bScientific evidences from the depths of Oceans to the heights of skies/
_cedited by Saroj Bala and Kulbhushan Mishra
260 _aHyderabad
_bInstitute of Scientific Research on Vedas
_c2012
270 _aH.No. 11-13-279, Road No.8, Alakapuri
_bHyderabad
_e500035
300 _a74p.
_c21cm(pbk)
_bphotos
700 _aSaroj Bala
942 _2ddc
_cEN
_h520.954
_mHIS